00899nam a2200229 a 450000100100000000500170001000800410002702000150006804000250008308200210010810000320012924500970016126000530025830000210031150000620033250000480039450400410044265000960048365000480057965000200062765000220064700000704720200929154044.0090904s1997 xxu 001 m spa d a0761805494 aDO-SdBNPbspacBNPHU aCu864.44bP615zV1 aValerio Holguín, Fernando10aPoética de la frialdad :bla narrativa de Virgilio Piñera /cFernando Valerio Holguín. aNew York, :bUniversity Press of America,c1997. a112 p. ;c22 cm. aIncluye datos biográficos del autor en la página 113. aIncluye índice onomástico y temático. aIncluye bibliografías (p. 97-105). 4aPiñera, virgilio,d1912 - 1979xEnsayos, conferencias, etc.xCrítica e interpretación 4aPoetas cubanosxEnsayos, conferencias, etc. 4aCuentos cubanos 4aLiteratura cubana